00990nam a22003137i 4500001000800000003001000008007000500018008004100023040003500064041000800099043000700107084000700114110002200121245009600143264004000239300004300279336002700322337003300349338002800382500008700410505002400497505002900521505002400550505001500574650001300589650001300602650002000615773004100635B-11952CO-BoFNCPt|| 090612s2009 gw r eng d  aCO-BoFNCPbspacCO-BoFNCPerda aeng agw aA-2 aISTA Mielke GmbH.10aStatistics :bWhite country section. Other Europe and C.I.S. (The countries of the C.I.S.). 1aHamburg :bISTA Mielke GmbH,c2009. apáginas 24-54 :bTablas, gráficos. atextobtxt2rdacontent asin mediaciónbn2rdamedia avolumenbnc2rdacarrier aGlobal analysis. All major oilseeds, oils and oilmeals. Supply, demand and prices.8 aChapter 1. Oilseeds8 aChapter 2. Oils and fats8 aChapter 3. Oilmeals8 aStatistics 0aAceites. 0aSemilla. 0aEstadísticas.0 aOil World Annual 2009gVolumen 1wA-